Most Expensive Teenage Transfers - Statistics

General Stats
  • This quiz has been taken 28 times
  • The average score is 29 of 50
Answer Stats
From To Year Fee (million €) Answer % Correct
Dortmund Real Madrid 2023 103 Jude Bellingham
100%
Birmingham City Dortmund 2020 30 Jude Bellingham
100%
Monaco PSG 2018 180 Kylian Mbappe
100%
Dortmund Barcelona 2017 135 Ousmane Dembele
100%
Stade Rennes Dortmund 2016 35 Ousmane Dembele
100%
Benfica Atletico Madrid 2019 127.2 Joao Felix
96%
Ajax Juventus 2019 85.5 Matthias de Ligt
96%
Schalke Manchester City 2016 52 Leroy Sane
92%
Flamengo Real Madrid 2018 45 Vinicius Junior
92%
Liverpool Manchester City 2015 63.7 Raheem Sterling
88%
Atalanta Manchester United 2023 73.9 Rasmus Hojlund
88%
Santos Real Madrid 2019 45 Rodrygo
88%
Monaco Manchester United 2015 60 Anthony Martial
80%
Palmeiras Real Madrid 2024 47.5 Endrick
80%
Everton Manchester United 2004 37 Wayne Rooney
80%
Stade Rennes Real Madrid 2021 31 Eduardo Camavinga
72%
Dortmund Chelsea 2018 64 Christian Pulisic
68%
Dinamo Zagreb RB Leipzig 2021 36.8 Josko Gvardiol
64%
Benfica Bayern Munich 2016 35 Renato Sanches
64%
Lille Milan 2019 49.5 Rafael Leao
60%
Southampton Chelsea 2023 62.1 Romeo Lavia
60%
Palmeiras Manchester City 2016 32 Gabriel Jesus
56%
Saint Etienne Leicester City 2020 35 Wesley Fofana
56%
RB Salzburg Dortmund 2022 30 Karim Adeyemi
52%
Southampton Manchester United 2014 37.5 Luke Shaw
52%
PSV Chelsea 2023 35 Noni Madueke
52%
Sporting Portugal PSG 2022 38 Nuno Mendes
52%
Porto Wolves 2020 40 Fabio Silva
48%
Braga Barcelona 2020 30.94 Trincao
48%
Athletico Paranaense Barcelona 2023 40 Vitor Roque
48%
Valencia Manchester City 2020 33.5 Ferran Torres
44%
Olympique Lyon Chelsea 2023 30 Malo Gusto
44%
Roma PSG 2013 31.4 Marquinhos
44%
Arsenal Real Madrid 1999 35 Nicholas Anelka
44%
Sao Paulo PSG 2013 40 Lucas Moura
40%
Internacional Chelsea 2012 32 Oscar
40%
Lille Everton 2022 35 Amadou Onana
36%
Porto Manchester United 2007 31.5 Anderson
36%
Chelsea Newcastle United 2024 32.5 Lewis Hall
36%
Atalanta Inter 2017 31.1 Alessandro Bastoni
32%
Bari Roma 2001 31 Antonio Cassano
32%
Hoffenheim Leeds United 2022 34 Georginio Rutter
32%
River Plate Barcelona 2001 35.9 Javier Saviola
32%
Bordeaux Sevilla 2019 35 Jules Kounde
32%
Sao Paulo Real Betis 1998 30 Denilson
28%
Southampton Newcastle United 2023 37.2 Tino Livramento
28%
Olympique Lyon RB Leipzig 2023 30 Castello Lukeba
24%
RB Salzburg RB Leipzig 2020 36 Dominik Szoboszlai
24%
Montpelier RC Lens 2023 30 Elye Wahi
20%
Atalanta Juventus 2019 39 Dejan Kulusevski
12%
No matching quizzes found
Score Distribution
Percent of People with Each Score
Percentile by Number Answered
Your Score History
You have not taken this quiz